00677nam a2200181 i 450000100060000000300090000600500170001500700030003200800410003510000380007624501000011426000370021430000450025170000280029685200320032499900170035695201220037329472ES-MaACL20251123063300.0t|030122s1966 sp ||||1| spa d0 aBarceló, Carlos, d1929-92550010aOrganización del departamento de publicidad / cCarlos Barceló ; dibujos de Ramón Queral. aBarcelona : bSagitario, c1966. aXII, 344 p., 1 lám. : bil. ; c22 cm.1 aQueral, Ramón.994525 aES-MaACLjC-29767 bR.60196 c29472d29472 00104070aATENEOMbATENEOMcDEPO2d2008-01-17eSCl0oC-29767p1030426r2023-02-23 00:00:00w2023-02-23yMONOGRAFIA